000 00680nab a2200181 4500
001 244442
003 OSt
005 20230516103112.0
007 tu
008 200917s2020|||||||
040 _aDE-2950
_cDE-2950
245 0 0 _aTunnelbau mit Hindernissen.
_bZugstrecke. Der Ersatzneubau der Eisenbahnüberführung in Lossow stellt alle Beteiligten vor große Herausforderungen. Die Afrikanische Schweinepest und das Eschensterben machen die Arbeit in der Seufzerschlucht kompliziert /
_cInes Weber-Rath
264 _c2023
653 _aFrankfurt (Oder)
653 _aBaustelle
773 0 _g34. Jahrgang (2023) Nr. 105 vom 06.05.2023, S. 17
_tMärkische Oderzeitung
942 _2z
_cA
999 _c372453
_d372453